| 000 | 00394nam a2200145Ia 4500 | ||
|---|---|---|---|
| 008 | 240624s9999 xx 000 0 und d | ||
| 041 | _aeng | ||
| 082 | _a658.8 KUR | ||
| 100 | _aKURTZ DAVID L | ||
| 245 | _aPRINCIPLES OF CONTEMPORARY MARKETING | ||
| 250 | _a(14th ed.) | ||
| 260 |
_c2010 _aAustralia _bSouth-Western Cengage Learning |
||
| 300 | _axxxii, : 670 : p. : cm. ; 27 | ||
| 365 |
_c _b25 |
||
| 999 |
_c16779 _d16779 |
||